Podpora vybraných podnikových procesov a toku dokumentov diplomová práca

Gespeichert in:
Bibliographische Detailangaben
1. Verfasser: Mazar, Dušan
Körperschaft: Fakulta hospodárskej informatiky EU. Katedra aplikovanej informatiky
Weitere Verfasser: Cárachová, Magdaléna
Format: Buch
Sprache:Slowakisch
Veröffentlicht: Bratislava 2015
Tags: Tag hinzufügen
Keine Tags, Fügen Sie das erste Tag hinzu!

MARC

LEADER 00000nbm a2200000 4500
001 0203618
005 20161212113615.6
041 0 |a slo 
044 |a SK 
245 1 0 |a Podpora vybraných podnikových procesov a toku dokumentov  |b diplomová práca  |c Dušan Mazar ; školiteľ: Magdaléna Cárachová 
264 1 |a Bratislava  |c 2015 
300 |a 84 s. 
100 1 |a Mazar, Dušan 
700 1 |a Cárachová, Magdaléna 
710 2 |a Fakulta hospodárskej informatiky EU. Katedra aplikovanej informatiky